书目信息 |
| 题名: |
纺织印染工业废水治理技术
|
|
| 作者: | 杨书铭 , 黄长盾 编 | |
| 分册: | ||
| 出版信息: | 北京 化学工业出版社 2002.05 |
|
| 页数: | 387页 | |
| 开本: | 20cm | |
| 丛书名: | ||
| 单 册: | ||
| 中图分类: | X , X791.031 | |
| 科图分类: | ||
| 主题词: | 轻工业--废物处理 , 安全科学 , 劳动保护 , 轻工业--废物综合利用 | |
| 电子资源: | ||
| ISBN: | 7-5025-3758-9 | |
| 000 | 00758nam0 2200253 45 | |
| 001 | 0360808656 | |
| 005 | 2003090116532865 | |
| 010 | @a7-5025-3758-9@dCNY 25.00 | |
| 100 | @a20030901d2002 km y0chiy0120 ea | |
| 101 | 0 | @achi |
| 102 | @aCN@b110000 | |
| 200 | 1 | @a纺织印染工业废水治理技术@Afang zhi yin ran gong ye fei shui zhi li ji shu@f杨书铭,黄长盾编@FYang Shu Ming,Huang Chang Dun Bian |
| 210 | @a北京@c化学工业出版社@d2002.05 | |
| 215 | @a387页@d20cm | |
| 606 | 0 | @a轻工业@x废物处理 |
| 606 | 0 | @a安全科学 |
| 606 | 0 | @a劳动保护 |
| 606 | 0 | @a轻工业@x废物综合利用 |
| 690 | @aX@v4 | |
| 690 | @aX791.031@v3 | |
| 701 | 0 | @a杨书铭@AYang Shu Ming@4编 |
| 701 | 0 | @a黄长盾@AHuang Chang Dun@4编 |
| 801 | 0 | @aCN@bPFT@c20030901 |
| 905 | @a@dX791.031@eY274 | |
| 纺织印染工业废水治理技术/杨书铭,黄长盾编.-北京:化学工业出版社,2002.05 |
| 387页;20cm |
| ISBN 7-5025-3758-9:CNY 25.00 |
| ● |
| 相关链接 |
|
|
|
正题名:纺织印染工业废水治理技术
索取号:X791.031/Y274
 
预约/预借
| 序号 | 登录号 | 条形码 | 馆藏地/架位号 | 状态 | 备注 |
| 1 | 372468 | 203724684 | 自科库501/501自科库 111排1列4层/ [索取号:X791.031/Y274] | 在馆 | |
| 2 | 372469 | 203724693 | 自科库501/501自科库 111排1列4层/ [索取号:X791.031/Y274] | 在馆 | |
| 3 | 372470 | 203724700 | 自科库501/501自科库 111排1列4层/ [索取号:X791.031/Y274] | 在馆 |